| 000 | 00975cam a22002897a 4500 | ||
|---|---|---|---|
| 003 | CHAP | ||
| 005 | 20220329135946.0 | ||
| 008 | 971013s us r 00010 eng d | ||
| 010 | _a44714 | ||
| 011 | _a45686 | ||
| 035 | _a49825 | ||
| 040 | _cCHAP | ||
| 090 | _aR-3048 | ||
| 100 | 0 | 0 |
_aUdvardy, Miklos D. F. _9116011 |
| 245 | 1 | 2 | _aA biogeographical classification system for terrestreal environments |
| 500 | _aSobreteiro de: McNeily, J.A. National Parks, conservation and development.- Washington: Smithsonian Institution (1982): pp. 34-48 | ||
| 590 |
_aBATCH-UPD _b10 _c20130110 _lUCH01 _h0143 |
||
| 590 |
_aBATCH-UPD _b10 _c20130110 _lUCH01 _h1957 |
||
| 590 |
_aBATCH-UPD _b10 _c20130410 _lUCH01 _h1317 |
||
| 590 |
_aBATCH-UPD _b10 _c20130914 _lUCH01 _h0639 |
||
| 590 |
_aCONVERSION _b10 _c20130109 _lUCH01 _h1325 |
||
| 650 | 1 | 4 |
_aBiogeografía. _912741 |
| 650 | 1 | 4 |
_aEcosistema. _935290 |
| 901 | _aBK | ||
| 942 | _cREIMP | ||
| 949 |
_aR-3048 _bBC _cR _d-112289 _eTS1 _i49825 _si |
||
| 999 |
_c44714 _d44714 |
||